00553nam a2200169 a 450000100100000000500170001000800410002704000250006808200080009310000290010124500440013025000110017426000520018530000210023795201080025899900170036600004019620201002033957.0130814s1966 ag 000 0 spa d aDO-SdBNPbspacBNPHU axxx1 aCortázar, Julio92278214aLas armas secretas /cJulio Cortázar. a4a ed. aBuenos Aires, Argentina :bSudamericana,c1966. a221 p. ;c18 cm. 001050718MOaGRbGRcCTd2013-08-14iLF1l0oxxx p40196-10r2020-06-25w2020-06-25y1ZNo se presta c39686d39686